01826 a2200181 45000010006000000050017000060080041000230030015000640400040000790800079001192450052001980200022002502640034002723000025003065051159003311000032014908560122015221042120260407155437.0260407a2006 arg spa dAR-UNSa-BCEJYS aAR-UNSa-BCEJYSbspacAR-UNSa-BCEJYS a336.226.3xImpuestos por el uso de los ingresos. Impuestos al consumo. IVA10aImpuesto al valor agregadopanálisis integral a978-987-01-0578-7 1aBuenos Aires :bErreparc2006 axlv, 1360 p.c22 cm. a 1. Introducción al gravamen - 2. Objeto del impuesto - 3. Sujetos pasivos del impuesto - 4. Momento de generación del débito fiscal - 5. Exenciones - 6. Base imponible - 7. Débito fiscal - 8. Crédito fiscal - 9. Prorrateo de los créditos fiscales - 10. Habitualistas en la compraventa de bienes usados a consumidores finales - 11. Intermediarios que actúan en nombre propio - 12. Intermediarios que actúen por cuenta y en nombre de terceros - 13. Mercados de cereales a término - 14. Servicio de turismo - 15. Régimen especial de las concesiones de explotación - 16. Obras sobre inmueble - 17. Los servicios médicos - 18. Concursos preventivos y quiebras - 19. Servicios técnicos y profesionales - 20.Explotación agropecuaria - 21. Operaciones de seguros - 22. Actividad financiera - 23. La actividad de transporte - 24. Medios de comunicación, publicidad y producciones para radio y televisión Y cine - 25. Saldos a favor - 26. Régimen de inscripción y cancelación del impuesto al valor agregado- 27. Recupero del IVA de exportación - 28. Regímenes de retención y percepción - 29. Alícuota del gravamen. 1 aMarchevsky, Rubén Alberto41uhttps://biblioeco.unsa.edu.ar/pmb/images/libros/Impuesto al valor agregado-l119518.jpgyImagen de portadaqimage/jpeg